000 00494nam a2200181Ia 4500
005 20250508160107.0
008 008 250505s9999 xx 000 0 hin d
037 _aTextual
040 _aFEDL
_beng
_cFEDL
041 _ahin
_2hin
084 _a301.44, TRI
_qFEDL
245 0 _aGandhi ji. Vol 12
260 _aBanaras, India
_bKashi Vidyapeeth Prakashan Vibhag
_c1950
300 _a103p.
650 _aSociology
942 _cTEXL
_h301.44, TRI
999 _c1361654
_d1361654